|
|
|
|
| LEADER |
01482nam a22002897a 4500 |
| 001 |
38246 |
| 003 |
BD-DhAAL |
| 005 |
20230510153435.0 |
| 008 |
220327t2007 bg ||||| |||| 00| 0 ben d |
| 020 |
|
|
|a 98486755150
|
| 040 |
|
|
|a BD-DhAAL
|c BD-DhAAL
|
| 041 |
|
|
|a ben
|
| 082 |
|
|
|a 332.1095492
|
| 100 |
|
|
|a আমিন, সরদার.
|9 47441
|
| 245 |
|
|
|a গ্রামীণ ব্যাংক ও ড. ইউনূস :
|b একজন প্রত্যক্ষদর্শীর দৃষ্টিতে /
|c সরদার আমিন.
|
| 260 |
|
|
|a ঢাকা :
|b জাতীয় সাহিত্য প্রকাশনী,
|c ২০০৭
|
| 300 |
|
|
|a ২৩২ পৃষ্ঠা ;
|c ২২ সে.মি.
|
| 541 |
|
|
|a Donated By Akbar Ali Khan
|e 38246, 40239
|
| 600 |
|
|
|c Yunus, Muhammad, 1940-
|9 47442
|
| 610 |
|
|
|a Grameen Bank.
|9 47443
|
| 650 |
|
|
|a Banks and banking
|z Bangladesh.
|9 47444
|
| 650 |
|
|
|a Rural poor
|z Bangladesh
|x Economic conditions.
|9 47445
|
| 852 |
|
|
|a Ayesha Abed Library
|c Akbar Ali Khan Collection
|
| 942 |
|
|
|2 ddc
|c BK
|
| 999 |
|
|
|c 43890
|d 43890
|
| 952 |
|
|
|0 0
|1 0
|2 ddc
|4 0
|6 332_109549200000000_AMI
|7 1
|9 70287
|a BRACUL
|b BRACUL
|c AAKC
|d 2022-03-27
|e Donated by Akbar Ali Khan
|g 250.00
|l 0
|o 332.1095492 AMI
|p 3010038246
|r 2022-03-27
|t 1
|v 250.00
|w 2022-03-27
|y BK
|
| 952 |
|
|
|0 0
|1 0
|2 ddc
|4 0
|6 332_109549200000000_AMI
|7 1
|9 72488
|a BRACUL
|b BRACUL
|c AAKC
|d 2022-12-14
|e Donated by Akbar Ali Khan
|g 250.00
|l 0
|o 332.1095492 AMI
|p 3010040239
|r 2022-12-14
|t 2
|v 250.00
|w 2022-12-14
|y BK
|